[Event "Turniej IM"]
[Site "Ostroda"]
[Date "2011.08.09"]
[Round "7.2"]
[White "Kuzmicz, Krystian"]
[Black "Posedaru, Bogdan"]
[Result "1/2-1/2"]
[WhiteElo "2441"]
[BlackElo "2354"]
[PlyCount "24"]
[EventDate "2011.??.??"]

1. g3 d5 2. Bg2 c6 3. Nf3 Bg4 4. b3 Nd7 5. Bb2 Ngf6 6. O-O e6 7. c4 Bd6 8. Nc3
O-O 9. d3 Qe7 10. a3 a6 11. h3 Bh5 12. Qc2 b5 1/2-1/2

[Event "Turniej IM"]
[Site "Ostroda"]
[Date "2011.08.09"]
[Round "7.3"]
[White "Shkapenko, Pavel"]
[Black "Lisowski, Krzysztof"]
[Result "1/2-1/2"]
[WhiteElo "2413"]
[BlackElo "2188"]
[PlyCount "42"]
[EventDate "2011.??.??"]

1. e4 c5 2. Nf3 Nc6 3. c3 d5 4. exd5 Qxd5 5. d4 Bg4 6. Be2 cxd4 7. cxd4 e6 8.
O-O Nf6 9. Nc3 Qa5 10. h3 Bh5 11. Be3 Bd6 12. a3 O-O 13. Qb3 Ne7 14. Rac1 Ned5
15. Nxd5 Nxd5 16. Rc2 Rab8 17. Rfc1 Qd8 18. Ne5 Bxe2 19. Rxe2 f6 20. Nf3 Qd7
21. Qd3 Rbc8 1/2-1/2

[Event "Turniej IM"]
[Site "Ostroda"]
[Date "2011.08.09"]
[Round "7.4"]
[White "Grabarczyk, Bogdan"]
[Black "Tvarijonas, Povilas"]
[Result "1-0"]
[WhiteElo "2423"]
[BlackElo "2332"]
[PlyCount "61"]
[EventDate "2011.??.??"]

1. e4 c5 2. Nf3 d6 3. d4 cxd4 4. Nxd4 Nf6 5. Nc3 g6 6. Be3 Bg7 7. f3 Nc6 8. Qd2
O-O 9. O-O-O d5 10. exd5 Nxd5 11. Nxc6 bxc6 12. Nxd5 cxd5 13. Qxd5 Qc7 14. Qc5
Qb7 15. b3 Bf5 16. Bd3 Rfc8 17. Qa5 Qc6 18. Bxf5 gxf5 19. c4 Qf6 20. Bd4 Qg5+
21. Kb1 Bxd4 22. Rxd4 Qxg2 23. Qe1 Kf8 24. Rg1 Qxh2 25. Rh1 Qg2 26. Rxh7 Qxf3
27. Qe5 Qf1+ 28. Kb2 Qg2+ 29. Ka3 e6 30. Rxf7+ Kg8 31. Rdd7 1-0

[Event "Turniej IM"]
[Site "Ostroda"]
[Date "2011.08.09"]
[Round "7.5"]
[White "Bednarek, Sylwester"]
[Black "Lach, Aleksandra"]
[Result "1-0"]
[WhiteElo "2333"]
[BlackElo "2154"]
[PlyCount "73"]
[EventDate "2011.??.??"]

1. d4 f5 2. g4 fxg4 3. e4 d5 4. e5 c5 5. c3 Nc6 6. Bg2 cxd4 7. cxd4 Bf5 8. Nc3
e6 9. a3 Be7 10. h3 h5 11. hxg4 Bxg4 12. Bf3 Bxf3 13. Nxf3 Kd7 14. Rg1 Qf8 15.
Qb3 Rc8 16. Ne2 Kc7 17. Nf4 Qf5 18. Rxg7 Kb8 19. Be3 h4 20. Qd3 Nh6 21. Ke2
Rcf8 22. Rh1 Qxd3+ 23. Kxd3 Nf5 24. Rg6 Nd8 25. Nxe6 Nxe6 26. Rxe6 Rfg8 27. Ng1
Kc8 28. Nh3 Kd7 29. Nf4 h3 30. Rg6 Rxg6 31. Nxg6 Rh7 32. Rh2 Kc6 33. Nf4 Bh4
34. Rxh3 Rg7 35. Rh1 Nxe3 36. fxe3 Bd8 37. Rh6+ 1-0

[Event "Turniej IM"]
[Site "Ostroda"]
[Date "2011.08.10"]
[Round "8.1"]
[White "Gajek, Radoslaw"]
[Black "Lach, Aleksandra"]
[Result "1/2-1/2"]
[WhiteElo "2054"]
[BlackElo "2154"]
[PlyCount "69"]
[EventDate "2011.??.??"]

1. e4 e6 2. d4 d5 3. Nd2 Nf6 4. e5 Nfd7 5. Bd3 c5 6. c3 Nc6 7. Ne2 cxd4 8. cxd4
f6 9. exf6 Nxf6 10. Nf3 Bd6 11. O-O Qc7 12. Bg5 O-O 13. Ng3 Bf4 14. Bxf4 Qxf4
15. Bb5 Bd7 16. Qc1 Ne4 17. Bxc6 Bxc6 18. Qe3 Qxe3 19. fxe3 Nd6 20. Ne5 Bb5 21.
Rxf8+ Kxf8 22. Rc1 Rc8 23. Rxc8+ Nxc8 24. Nh5 Nd6 25. b3 a5 26. a4 Be8 27. Nf4
Ke7 28. Kf2 Ne4+ 29. Ke1 Kd6 30. Kd1 g5 31. Nfd3 h5 32. Nf3 b6 33. Nd2 Nf6 34.
Nf3 Ne4 35. Nd2 1/2-1/2

[Event "Turniej IM"]
[Site "Ostroda"]
[Date "2011.08.10"]
[Round "8.2"]
[White "Tvarijonas, Povilas"]
[Black "Bednarek, Sylwester"]
[Result "0-1"]
[WhiteElo "2332"]
[BlackElo "2333"]
[PlyCount "84"]
[EventDate "2011.??.??"]

1. e4 e6 2. d4 d5 3. exd5 exd5 4. Bf4 Nc6 5. Nc3 Bb4 6. a3 Bxc3+ 7. bxc3 Nge7
8. Bd3 Bf5 9. Nf3 Bxd3 10. Qxd3 Ng6 11. Bg5 f6 12. Be3 O-O 13. O-O f5 14. Bg5
Qd6 15. c4 Na5 16. cxd5 Qxd5 17. Rab1 a6 18. h4 h6 19. Bd2 Nc4 20. h5 Nh8 21.
Bf4 b5 22. Bxc7 Qf7 23. Bh2 Qxh5 24. a4 f4 25. Rfe1 Qd5 26. axb5 axb5 27. Qb3
Rf5 28. Ne5 Rd8 29. Qh3 Rf6 30. c3 Nf7 31. Nxf7 Kxf7 32. Qg4 h5 33. Qe2 Rg6 34.
Qe4 Nd2 35. Qxf4+ Kg8 36. Bg3 Nxb1 37. Rxb1 Re8 38. Ra1 Kh7 39. Rb1 Re4 40. Qf3
h4 41. Qd3 hxg3 42. f3 Re5 0-1

[Event "Turniej IM"]
[Site "Ostroda"]
[Date "2011.08.10"]
[Round "8.3"]
[White "Lisowski, Krzysztof"]
[Black "Grabarczyk, Bogdan"]
[Result "1/2-1/2"]
[WhiteElo "2188"]
[BlackElo "2423"]
[PlyCount "151"]
[EventDate "2011.??.??"]

1. e4 g6 2. d4 Bg7 3. Nc3 c6 4. g3 d6 5. Bg2 Nf6 6. Nf3 O-O 7. O-O Bg4 8. h3
Bxf3 9. Bxf3 d5 10. exd5 cxd5 11. Ne2 Nc6 12. Nf4 e6 13. c3 Rc8 14. Re1 Na5 15.
Nd3 Nd7 16. Bf4 a6 17. Kg2 Re8 18. Re2 Nc4 19. h4 h6 20. Ne5 Ncxe5 21. Bxe5
Nxe5 22. dxe5 Rc4 23. Qd3 Qc7 24. Rae1 b5 25. Re3 Rd8 26. Bd1 d4 27. cxd4 Rdxd4
28. Qe2 Qd7 29. Bb3 Rc5 30. Qf3 a5 31. Qa8+ Qd8 32. Qa7 Bf8 33. Rf3 Rd7 34. Rd1
Rxa7 35. Rxd8 Rxe5 36. Bc2 Kg7 37. Rc3 Be7 38. Rb8 Bd6 39. Rd8 Be7 40. Rb8 Rd7
41. Rd3 Rc7 42. Bd1 b4 43. Ra8 Bf6 44. Rd2 Rec5 45. Kf3 h5 46. Bb3 Rf5+ 47. Ke2
Be7 48. Bc2 Rfc5 49. Ba4 Re5+ 50. Kf3 Rf5+ 51. Kg2 Bf6 52. Bb3 Be7 53. Bc2 Rfc5
54. Ba4 Kf6 55. Kf3 Rf5+ 56. Kg2 Re5 57. Bb3 Rc6 58. Bc2 Rec5 59. Ba4 Rd6 60.
Rxd6 Bxd6 61. Rd8 Be5 62. Rd2 Rc1 63. f4 Bc7 64. Rc2 Rxc2+ 65. Bxc2 e5 66. Kf3
exf4 67. gxf4 Bb6 68. a3 Bd4 69. axb4 axb4 70. b3 Bc3 71. Kg3 Be1+ 72. Kh3 Ke6
73. Bd3 Bf2 74. Bc4+ Ke7 75. Bd3 Ke6 76. f5+ 1/2-1/2

[Event "Turniej IM"]
[Site "Ostroda"]
[Date "2011.08.10"]
[Round "8.5"]
[White "Bodenez, Vincent"]
[Black "Kuzmicz, Krystian"]
[Result "0-1"]
[WhiteElo "2210"]
[BlackElo "2441"]
[PlyCount "62"]
[EventDate "2011.??.??"]

1. d4 c6 2. e4 d5 3. e5 c5 4. dxc5 e6 5. Be3 Nd7 6. Bb5 Qc7 7. Qd4 Ne7 8. g4 h5
9. f3 Nc6 10. Bxc6 bxc6 11. b4 a5 12. c3 Nxe5 13. Bf4 Nd3+ 14. Qxd3 Qxf4 15.
Ne2 Qc7 16. g5 axb4 17. cxb4 Qe5 18. Nbc3 Qxg5 19. f4 Qf6 20. a4 Ba6 21. Qd4
Be7 22. Kd2 Bc4 23. Ke3 Qh6 24. Qe5 O-O 25. Qc7 Bf6 26. Rac1 Rfc8 27. Qb6 d4+
28. Nxd4 Bxd4+ 29. Kxd4 Qxf4+ 30. Ne4 Rd8+ 31. Kxc4 Qxe4+ 0-1

[Event "Turniej IM"]
[Site "Ostroda"]
[Date "2011.08.11"]
[Round "9.1"]
[White "Kuzmicz, Krystian"]
[Black "Gajek, Radoslaw"]
[Result "1/2-1/2"]
[WhiteElo "2441"]
[BlackElo "2054"]
[PlyCount "64"]
[EventDate "2011.??.??"]

1. g3 c5 2. Bg2 Nf6 3. e4 Nc6 4. Ne2 d5 5. exd5 Nxd5 6. O-O e5 7. Nbc3 Be6 8.
d3 Be7 9. f4 exf4 10. Bxd5 Bxd5 11. Nxf4 Be6 12. Nxe6 fxe6 13. Be3 Qd7 14. Ne4
O-O-O 15. Nxc5 Bxc5 16. Bxc5 Qd5 17. Ba3 Nd4 18. Qg4 h5 19. Qe4 h4 20. Qxd5
Rxd5 21. Kg2 hxg3 22. hxg3 Rdh5 23. Rf8+ Rxf8 24. Bxf8 Rg5 25. Bd6 Nxc2 26. Rc1
Kd7 27. Bb8 Rc5 28. Kh3 a6 29. Ba7 Rc6 30. Rf1 Ke8 31. a3 Rd6 32. Rc1 Rc6
1/2-1/2

[Event "Turniej IM"]
[Site "Ostroda"]
[Date "2011.08.11"]
[Round "9.2"]
[White "Shkapenko, Pavel"]
[Black "Bodenez, Vincent"]
[Result "1-0"]
[WhiteElo "2413"]
[BlackElo "2210"]
[PlyCount "51"]
[EventDate "2011.??.??"]

1. e4 c5 2. c3 e6 3. d4 d5 4. exd5 exd5 5. Nf3 Nc6 6. Be3 cxd4 7. Nxd4 Bd6 8.
Be2 Nge7 9. Nd2 Nxd4 10. Bxd4 Nf5 11. Bb5+ Bd7 12. Qe2+ Qe7 13. Bxd7+ Kxd7 14.
Qxe7+ Bxe7 15. Nf3 Nxd4 16. Nxd4 Bf6 17. O-O-O Rhe8 18. Nc2 Kd6 19. Nb4 Re5 20.
f4 Rf5 21. g4 Rxf4 22. Nxd5 Ke5 23. Nxf4 Kxf4 24. Rhg1 h6 25. Rdf1+ Kg5 26.
Rf5+ 1-0

[Event "Turniej IM"]
[Site "Ostroda"]
[Date "2011.08.11"]
[Round "9.5"]
[White "Lach, Aleksandra"]
[Black "Tvarijonas, Povilas"]
[Result "0-1"]
[WhiteElo "2154"]
[BlackElo "2332"]
[PlyCount "102"]
[EventDate "2011.??.??"]

1. e4 c5 2. Nf3 g6 3. d4 cxd4 4. Nxd4 Bg7 5. c4 Nc6 6. Be3 Nf6 7. Nc3 Ng4 8.
Qxg4 Nxd4 9. Qd1 Ne6 10. Qd2 Qa5 11. Rc1 g5 12. Bd3 b6 13. O-O Qe5 14. b4 Bb7
15. Nd5 Rc8 16. Kh1 d6 17. Qd1 Bc6 18. Bd2 Bd7 19. g3 g4 20. Qxg4 h5 21. Qh4 f6
22. Rcd1 Qb2 23. Bc3 Qa3 24. e5 dxe5 25. Bf5 Qxa2 26. Ne3 Bc6+ 27. Be4 Ng5 28.
Bxc6+ Rxc6 29. b5 Re6 30. Nd5 Qe2 31. Nc7+ Kf7 32. Nxe6 Qf3+ 33. Kg1 Nxe6 34.
Bb4 Bh6 35. Rfe1 Ng5 36. Rd7 Kg6 37. Rxe7 Qb3 38. Re3 Qxb4 39. Rxa7 Rd8 40. g4
hxg4 41. Qxg4 Qb1+ 42. Kg2 Rd1 43. Qxd1 Qxd1 44. Ra6 Qg4+ 45. Rg3 Qe4+ 46. Kg1
Kf5 47. Rxb6 Nf3+ 48. Kg2 Nd2+ 49. Kh3 Qxc4 50. Rb8 Bf4 51. Rgg8 Qd3+ 0-1